| 000 | 00538nam a2200157Ia 4500 | ||
|---|---|---|---|
| 008 | 170221s9999 xx 000 0 und d | ||
| 100 | _aEbru Gokaliler Ayda Sabuncuoglu | ||
| 245 | 4 | _aThe Effects of Social Media Usage on Brand Resonance During and After the Gezi Park Protests in Turkey | |
| 245 | _cEbru Gokaliler Ayda Sabuncuoglu | ||
| 260 | _bOnline Journal of Communication and Media Technologies | ||
| 260 | _c2014 | ||
| 300 | _aXII : 2 | ||
| 650 | _xCommunication | ||
| 650 | _xMedia Arts | ||
| 856 | _uhttp://www.ojcmt.net/ | ||
| 999 |
_c308803 _d308803 |
||